KOHA-Header-6

Gilad Kahani : Afaq Siddiqi Ki kahani (Record no. 10600)

000 -LEADER
fixed length control field 00278nam a2200109Ia 4500
100 ## - MAIN ENTRY--AUTHOR NAME
Personal name Irtiza Hussain Gohar
245 #0 - TITLE STATEMENT
Title Gilad Kahani : Afaq Siddiqi Ki kahani
260 ## - PUBLICATION, DISTRIBUTION, ETC. (IMPRINT)
Place of publication Karachi
Name of publisher Al-Anam
Year of publication 1995
300 ## - PHYSICAL DESCRIPTION
Number of Pages 208
942 ## - ADDED ENTRY ELEMENTS (KOHA)
Koha item type Books

No items available.

Powered by Koha